Recon Scope - Terraria Crafting Tree - Statistics

General Stats
  • This quiz has been taken 11 times
  • The average score is 11 of 11
Answer Stats
Item % Correct
Any Emblem
100%
Destroyer Emblem
100%
Eye of the Golem
100%
Recon Scope
100%
Sniper Scope
100%
Soul of Fright (×5)
100%
Soul of Might (×5)
100%
Soul of Sight (×5)
100%
Avenger Emblem
90%
Putrid Scent
80%
Rifle Scope
80%
No matching quizzes found
Score Distribution
Percent of People with Each Score
Percentile by Number Answered
Your Score History
You have not taken this quiz